000 00905nam a2200229 i 4500
001 73456
003 ES-MaACL
005 20260210163244.0
007 t|
008 041014s1956 sp ||||1| spa d
080 _a638.83(468.18 Jerez)
100 1 _aFernández de Bobadilla, Gonzalo.
_949630
245 1 0 _aViníferas jerezanas y de Andalucía Occidental /
_cpor G. Fernández de Bobadilla.
260 _aMadrid :
_bInstituto Nacional de Investigaciones Agronómicas,
_c1956.
300 _a271 p :
_bil. ;
_c25 cm.
500 _aPrecede al tit.: Ministerio de Agricultura. Dirección General de Agricultura.
650 1 4 _aViticultura-
_zJerez de la Frontera
_917837
710 _aInstituto Nacional de Investigaciones Agronómicas
_c(España)
_9219222
710 1 _aEspaña.
_bDirección General de Agricultura
_93699
852 _aES-MaACL
_jC-11249
_bR.39185
999 _c73456
_d73456